000 00451nam a2200181Ia 4500
001 20246
005 20260306172752.0
008 260306t2015||||xx |||||||||||||| ||spa||
041 _aESP
082 _a343CP1
_bG96
100 _aGutiérrez-Ticse, Gustavo
_eAUT
245 0 _aComentarios al código procesal constitucional
260 _c2015
300 _a1046 páginas :
_c25 cm.
650 _aGEN
654 _aCDE
942 _cLIB
_dJUS
_fJUS
_2ddc
_n
999 _c20246
_d20246